[Event "Steinfurt Bezirkspokal-B"]
[Site "Germany"]
[Date "2005.12.28"]
[Round "2"]
[White "Mostapha, Riad"]
[Black "Hiller, Simon"]
[Result "0-1"]
[WhiteElo "1245"]
[BlackElo "1762"]
[PlyCount "60"]
[EventDate "2005.??.??"]
[EventType "k.o."]
[EventRounds "3"]
[EventCountry "GER"]
[SourceTitle "EXT 2007"]
[Source "ChessBase"]
[SourceDate "2006.11.23"]
[SourceVersion "1"]
[SourceVersionDate "2006.11.23"]
[SourceQuality "1"]

1. e4 c5 2. d3 Nc6 3. Nc3 d6 4. Nf3 Nf6 5. Be2 e5 6. 0-0 Be7 7. Bg5 Be6 8. a3 0-0 9. Qd2 Nd4 10. Be3 Qd7 11. Nd1 b5 12. b3 a5 13. Rb1 b4 14. axb4 axb4 15. Ne1 Ne8 16. f4 f5 17. Bf3 Ra2 18. exf5 Rxf5 19. Be4 Rf6 20. g3 Nc7 21. Qf2 Ncb5 22. f5 Bf7 23. g4 d5 24. Bg2 Rfa6 25. Nf3 Qc7 26. Re1 c4 27. bxc4 dxc4 28. dxc4 Bxc4 29. Nb2 Nc3 30. Nxc4 Nxb1 0-1